¿Qué es Filosofía? (Registro nro. 6029)
[ vista simple ]
| 000 -LEADER | |
|---|---|
| fixed length control field | 00998 a2200205 4500 |
| 001 - CONTROL NUMBER | |
| control field | 56741 |
| 005 - DATE AND TIME OF LATEST TRANSACTION | |
| control field | 20260407155831.0 |
| 008 - FIXED-LENGTH DATA ELEMENTS--GENERAL INFORMATION | |
| fixed length control field | 260407a1966 arg spa d |
| 003 - CONTROL NUMBER IDENTIFIER | |
| control field | AR-UNSa-BCEJYS |
| 040 ## - CATALOGING SOURCE | |
| Original cataloging agency | AR-UNSa-BCEJYS |
| Language of cataloging | spa |
| Transcribing agency | AR-UNSa-BCEJYS |
| 080 ## - UNIVERSAL DECIMAL CLASSIFICATION NUMBER | |
| Universal Decimal Classification number | 101 |
| Common auxiliary subdivision | Naturaleza y papel de la filosofía |
| 100 1# - MAIN ENTRY--PERSONAL NAME | |
| Personal name | Ortega y Gasset, José |
| 245 10 - TITLE STATEMENT | |
| Title | ¿Qué es Filosofía? |
| 250 ## - EDITION STATEMENT | |
| Edition statement | 5a. ed. |
| 264 #1 - PRODUCTION, PUBLICATION, DISTRIBUTION, MANUFACTURE, AND COPYRIGHT NOTICE | |
| Place of production, publication, distribution, manufacture | Madrid : |
| Name of producer, publisher, distributor, manufacturer | Revista de Occidente |
| Date of production, publication, distribution, manufacture, or copyright notice | 1966 |
| 300 ## - PHYSICAL DESCRIPTION | |
| Extent | 264 p. |
| Dimensions | 18 cm. |
| 505 ## - FORMATTED CONTENTS NOTE | |
| Formatted contents note | 1. La filosofía, hoy – 2. Reducción y expansión de la filosofía – 3. El “tema de nuestro tiempo” – 4. Conocimiento del universo o multiverso – 5. La necesidad de la filosofía – 6. Creencia y teoría; jovialidad – 7. Los datos del universo – 8. El descubrimiento de la subjetividad – 9. El tema de nuestro tiempo – 10. Una realidad nueva y una nueva idea de la realidad – 11. La realidad radical es nuestra vida |
| 590 ## - LOCAL NOTE (RLIN) | |
| Local note | niveau_biblio:m niveau_hierar:0 |
| 942 ## - ADDED ENTRY ELEMENTS (KOHA) | |
| Koha item type | |
| Withdrawn status | Lost status | Damaged status | Not for loan | Home library | Current library | Shelving location | Date acquired | Total checkouts | Full call number | Barcode | Date last seen | Price effective from | Koha item type |
|---|---|---|---|---|---|---|---|---|---|---|---|---|---|
| Biblioteca Prof. Eusebio Cleto del Rey | Biblioteca Prof. Eusebio Cleto del Rey | 07/04/2026 | 101 O77 5ed. | L21223 | 07/04/2026 | 07/04/2026 | Libro |